[Event "41. Torneo Internacional de La Roda"]
[Site "La Roda ESP"]
[Date "2014.04.17"]
[Round "3.7"]
[White "Forcen Esteban, Daniel"]
[Black "Gonzalez Diaz, Julio"]
[Result "1-0"]
[WhiteElo "2498"]
[BlackElo "2259"]
[PlyCount "143"]
[EventDate "2014.04.16"]
[EventType "swiss"]
[EventRounds "9"]
[EventCountry "ESP"]
[Source "lmi"]
[SourceDate "2014.04.16"]

1. d4 d6 2. e4 g6 3. Nc3 Bg7 4. f4 Nf6 5. a3 O-O 6. Nf3 Na6 7. Be3 c5 8. Bxa6
cxd4 9. Bxd4 bxa6 10. O-O Bb7 11. Re1 Qa5 12. Qd2 Rfe8 13. e5 dxe5 14. fxe5 Nd5
15. Ne4 Qxd2 16. Nfxd2 Rac8 17. Nc5 Ba8 18. Nde4 Red8 19. c3 Nf4 20. g3 Nh3+
21. Kf1 Rd5 22. Nd3 Rcd8 23. Nef2 Nxf2 24. Nxf2 Bc6 25. Kg1 h5 26. Nd3 a5 27.
Nf4 R5d7 28. b4 e6 29. Rab1 axb4 30. axb4 Bb5 31. Kf2 Bh6 32. Ke3 a6 33. Rb2
Bg5 34. h4 Bh6 35. Rh1 Bc6 36. Rhh2 Bb5 37. Rhd2 Bc4 38. Kf3 Bb5 39. Rbc2 Bg7
40. Ke4 Rc8 41. Kf3 Rcd8 42. Ke3 Rc8 43. Rg2 Bc6 44. Rgf2 Ba4 45. Ra2 Bb5 46.
Rg2 Bh6 47. Rad2 Rcd8 48. Kf2 Bc6 49. Rh2 Bb5 50. Ke1 Bf8 51. Bb6 Rxd2 52. Rxd2
Rb8 53. Bd8 Rc8 54. Bf6 Bg7 55. Nh3 Bh6 56. Ng5 Kf8 57. Rd4 Bxg5 58. Bxg5 Rxc3
59. Rd8+ Be8 60. Ra8 Rxg3 61. Bh6+ Ke7 62. Ra7+ Kd8 63. Bg5+ Rxg5 64. hxg5 Bb5
65. Rxf7 Bd3 66. Kd2 Bf5 67. Rh7 Ke8 68. Ke3 Kf8 69. Ra7 h4 70. Rxa6 h3 71. Ra2
Ke7 72. Rd2 1-0

[Event "41. Torneo Internacional de La Roda"]
[Site "La Roda ESP"]
[Date "2014.04.17"]
[Round "3.8"]
[White "Nicolas Zapata, Irene"]
[Black "Paunovic, Dragan"]
[Result "1/2-1/2"]
[WhiteElo "2267"]
[BlackElo "2497"]
[PlyCount "38"]
[EventDate "2014.04.16"]
[EventType "swiss"]
[EventRounds "9"]
[EventCountry "ESP"]
[Source "lmi"]
[SourceDate "2014.04.16"]

1. d4 g6 2. Nf3 d6 3. g3 Nf6 4. Bg2 Bg7 5. O-O O-O 6. c4 c6 7. Nc3 Bf5 8. Ng5
h6 9. e4 Bg4 10. f3 Bd7 11. Nh3 e5 12. Be3 Qb6 13. Na4 Qc7 14. Qd2 Kh7 15. dxe5
dxe5 16. Nc5 b6 17. Nxd7 Nbxd7 18. Rfd1 Nc5 19. Qd6 Ne6 1/2-1/2

[Event "41. Torneo Internacional de La Roda"]
[Site "La Roda ESP"]
[Date "2014.04.17"]
[Round "3.9"]
[White "Plaskett, H James"]
[Black "Mingarro Carceller, Sergi"]
[Result "1-0"]
[WhiteElo "2496"]
[BlackElo "2249"]
[PlyCount "87"]
[EventDate "2014.04.16"]
[EventType "swiss"]
[EventRounds "9"]
[EventCountry "ESP"]
[Source "lmi"]
[SourceDate "2014.04.16"]

1. e4 e6 2. d4 d5 3. Nd2 Nf6 4. e5 Nfd7 5. c3 c5 6. Bd3 Nc6 7. Ngf3 g6 8. h4 h6
9. O-O g5 10. h5 Bg7 11. Re1 O-O 12. Nf1 cxd4 13. cxd4 f6 14. exf6 Qxf6 15. Be3
e5 16. Qb3 exd4 17. Qxd5+ Qf7 18. Qxf7+ Rxf7 19. Bd2 Nde5 20. Nxe5 Nxe5 21. Bc2
Be6 22. Rxe5 Bxe5 23. Re1 Rc8 24. Rxe5 Rxc2 25. Rxe6 Rc6 26. Rxc6 bxc6 27. Ng3
Re7 28. Kf1 Re5 29. Ne2 Rd5 30. g4 c5 31. b3 Rd6 32. Nc1 d3 33. f3 a5 34. Kf2
a4 35. Ke3 axb3 36. axb3 Re6+ 37. Kxd3 Rf6 38. Ke2 Rc6 39. Be3 Kg7 40. Nd3 c4
41. Ne5 Rc7 42. Nxc4 Rb7 43. Bd4+ Kf8 44. Bc5+ 1-0

[Event "41. Torneo Internacional de La Roda"]
[Site "La Roda ESP"]
[Date "2014.04.17"]
[Round "3.10"]
[White "Arias Igual, Alejandro"]
[Black "Arribas Lopez, Angel"]
[Result "0-1"]
[WhiteElo "2238"]
[BlackElo "2476"]
[PlyCount "70"]
[EventDate "2014.04.16"]
[EventType "swiss"]
[EventRounds "9"]
[EventCountry "ESP"]
[Source "lmi"]
[SourceDate "2014.04.16"]

1. d4 e6 2. c4 Nf6 3. Nf3 c5 4. d5 b5 5. Bg5 exd5 6. cxd5 h6 7. Bh4 g5 8. Bg3
Bb7 9. Nc3 b4 10. Nb5 d6 11. Qa4 Nbd7 12. Bxd6 Nxd5 13. Bxf8 Kxf8 14. Nd6 N7b6
15. Nxb7 Nxa4 16. Nxd8 Rxd8 17. O-O-O Kg7 18. e3 Nf6 19. Bb5 Nb6 20. Rxd8 Rxd8
21. Rd1 Rxd1+ 22. Kxd1 Ne4 23. Ke2 c4 24. Nd2 Nxd2 25. Kxd2 Kf6 26. Bc6 Ke5 27.
h3 a5 28. g3 f6 29. f4+ gxf4 30. gxf4+ Kd6 31. Be4 Kc5 32. h4 Nd5 33. Ke2 a4
34. f5 a3 35. Bxd5 b3 0-1

[Event "41. Torneo Internacional de La Roda"]
[Site "La Roda ESP"]
[Date "2014.04.17"]
[Round "3.11"]
[White "Campora, Daniel H"]
[Black "Sanchez Botella, Luis Javier"]
[Result "1-0"]
[WhiteElo "2458"]
[BlackElo "2236"]
[PlyCount "41"]
[EventDate "2014.04.16"]
[EventType "swiss"]
[EventRounds "9"]
[EventCountry "ESP"]
[Source "lmi"]
[SourceDate "2014.04.16"]

1. e4 c5 2. Nf3 e6 3. c3 d5 4. exd5 Qxd5 5. d4 cxd4 6. cxd4 Nf6 7. Nc3 Qd6 8.
Bc4 Be7 9. O-O a6 10. a4 O-O 11. Qe2 Nc6 12. Rd1 Nb4 13. Ne5 Nbd5 14. Rd3 Bd7
15. Rh3 Rfe8 16. Bg5 g6 17. Qf3 Bc6 18. Ne4 Qd8 19. Bxd5 Bxd5 20. Nxf6+ Bxf6
21. Qxf6 1-0

[Event "41. Torneo Internacional de La Roda"]
[Site "La Roda ESP"]
[Date "2014.04.17"]
[Round "3.12"]
[White "Suarez Gomez, Julio"]
[Black "Rubio Mejia, Luis Ignacio"]
[Result "0-1"]
[WhiteElo "2232"]
[BlackElo "2457"]
[PlyCount "58"]
[EventDate "2014.04.16"]
[EventType "swiss"]
[EventRounds "9"]
[EventCountry "ESP"]
[Source "lmi"]
[SourceDate "2014.04.16"]

1. e4 c5 2. Nf3 d6 3. Bb5+ Bd7 4. Bxd7+ Qxd7 5. c4 Nf6 6. Nc3 Nc6 7. d4 cxd4 8.
Nxd4 g6 9. f3 Bg7 10. Nde2 O-O 11. O-O a6 12. a4 e6 13. Bg5 Qc7 14. Kh1 Nd7 15.
b3 Nc5 16. Rb1 Rfc8 17. Qd2 Na5 18. Qa2 Ncxb3 19. Rxb3 Nxb3 20. Qxb3 Qxc4 21.
Qxc4 Rxc4 22. Rc1 Rac8 23. Bd2 d5 24. exd5 exd5 25. Kg1 d4 26. Na2 Rxc1+ 27.
Naxc1 Rc2 28. Nb3 d3 29. Nec1 Bc3 0-1

[Event "41. Torneo Internacional de La Roda"]
[Site "La Roda ESP"]
[Date "2014.04.17"]
[Round "3.13"]
[White "Martinez Lopez, David"]
[Black "Antoli Royo, Joaquin Miguel"]
[Result "1/2-1/2"]
[WhiteElo "2229"]
[BlackElo "2410"]
[PlyCount "122"]
[EventDate "2014.04.16"]
[EventType "swiss"]
[EventRounds "9"]
[EventCountry "ESP"]
[Source "lmi"]
[SourceDate "2014.04.16"]

1. e4 c5 2. Nf3 d6 3. d4 cxd4 4. Nxd4 Nf6 5. Nc3 Nc6 6. Be2 e5 7. Nb3 Be7 8.
Be3 Be6 9. Bf3 O-O 10. O-O Na5 11. Nxa5 Qxa5 12. Qd2 Qc7 13. Rfd1 Rfd8 14. Nd5
Nxd5 15. exd5 Bd7 16. Rac1 f5 17. g3 Rf8 18. Bg2 f4 19. gxf4 exf4 20. Bxf4 Qc4
21. Be3 Qh4 22. f4 Bf6 23. c4 Rae8 24. b4 Bh3 25. Rf1 Qg4 26. Rf2 Qg6 27. Kh1
Bf5 28. Bf3 Be4 29. Rcf1 Qh5 30. Kg2 Bxf3+ 31. Rxf3 Re4 32. c5 Qe8 33. cxd6 b6
34. a3 Qd7 35. Bf2 Qxd6 36. Re1 Rxe1 37. Bxe1 Rd8 38. Rd3 Be7 39. Bg3 Qg6 40.
Qe2 Bd6 41. Re3 Bf8 42. Qd3 Qf7 43. Re5 Bd6 44. Re4 Be7 45. Qe2 Bf8 46. Rd4
Rxd5 47. Qc4 Rxd4 48. Qxd4 Qb3 49. Be1 h6 50. Qc3 Qxc3 51. Bxc3 b5 52. Kf2 g6
53. Kf3 Kf7 54. Ke4 Ke6 55. Bd4 a6 56. Bc3 Be7 57. Bd4 Bh4 58. Bc3 Bf2 59. h3
h5 60. Bd2 Bg3 61. Bc3 Bf2 1/2-1/2

[Event "41. Torneo Internacional de La Roda"]
[Site "La Roda ESP"]
[Date "2014.04.17"]
[Round "3.14"]
[White "Suba, Mihai"]
[Black "Rego, Pedro Filipe"]
[Result "1/2-1/2"]
[WhiteElo "2401"]
[BlackElo "2226"]
[PlyCount "46"]
[EventDate "2014.04.16"]
[EventType "swiss"]
[EventRounds "9"]
[EventCountry "ESP"]
[Source "lmi"]
[SourceDate "2014.04.16"]

1. c4 e5 2. Nc3 Nc6 3. g3 Bc5 4. a3 a6 5. Bg2 d6 6. e3 Ba7 7. Nge2 Nge7 8. O-O
h5 9. h3 h4 10. g4 f5 11. gxf5 Bxf5 12. d4 Qd7 13. Kh2 g5 14. f3 Bg6 15. Nd5
O-O-O 16. Nxe7+ Qxe7 17. d5 Na5 18. e4 Nxc4 19. Qd3 Nb6 20. a4 Nd7 21. b4 g4
22. fxg4 Rdf8 23. Bd2 Qh7 1/2-1/2

[Event "41. Torneo Internacional de La Roda"]
[Site "La Roda ESP"]
[Date "2014.04.17"]
[Round "3.15"]
[White "Figuero Toro, Julian Francisco"]
[Black "Dias, Paulo"]
[Result "0-1"]
[WhiteElo "2213"]
[BlackElo "2401"]
[PlyCount "117"]
[EventDate "2014.04.16"]
[EventType "swiss"]
[EventRounds "9"]
[EventCountry "ESP"]
[Source "lmi"]
[SourceDate "2014.04.16"]

1. e4 e5 2. Nf3 Nc6 3. d4 exd4 4. Bc4 Nf6 5. e5 Ne4 6. Bd5 Nc5 7. O-O Ne6 8.
Re1 Be7 9. Nbd2 d6 10. exd6 Qxd6 11. c4 O-O 12. Nb3 Bf6 13. Re4 a5 14. Bxe6
fxe6 15. Bf4 e5 16. Bg3 Bf5 17. Re1 Rae8 18. Nbd2 Qb4 19. Ne4 Bxe4 20. Rxe4
Qxc4 21. h4 Qd5 22. Qe2 Nb4 23. Nxd4 Rd8 24. Nf3 Nd3 25. a4 Nc5 26. Rc4 e4 27.
Ng5 Bxg5 28. hxg5 Rf7 29. Rac1 b6 30. Qe3 Qd2 31. Qxd2 Rxd2 32. R4c2 Rd4 33.
Rc4 Rd5 34. Bh4 Rd2 35. R4c2 Rxc2 36. Rxc2 Nxa4 37. f3 exf3 38. Bf2 fxg2 39. b3
Nc5 40. Bxc5 bxc5 41. Rxc5 Rf3 42. Kxg2 Rxb3 43. g6 hxg6 44. Rxc7 a4 45. Ra7 a3
46. Kf2 Kh7 47. Kg2 g5 48. Kf2 Kh6 49. Kg2 g6 50. Kf2 g4 51. Kg2 Kh5 52. Rh7+
Kg5 53. Ra7 Kf5 54. Ra6 g3 55. Ra5+ Ke4 56. Ra6 Kd4 57. Rxg6 Kc3 58. Ra6 Kc4
59. Ra8 0-1

[Event "41. Torneo Internacional de La Roda"]
[Site "La Roda ESP"]
[Date "2014.04.17"]
[Round "3.16"]
[White "Ramiro Ovejero, Juan Luis"]
[Black "Vasques, Antonio Pedro Freix"]
[Result "1-0"]
[WhiteElo "2382"]
[BlackElo "2201"]
[PlyCount "43"]
[EventDate "2014.04.16"]
[EventType "swiss"]
[EventRounds "9"]
[EventCountry "ESP"]
[Source "lmi"]
[SourceDate "2014.04.16"]

1. e4 d5 2. exd5 Nf6 3. Nf3 Bg4 4. Bb5+ Nbd7 5. h3 Bxf3 6. Qxf3 a6 7. Ba4 b5 8.
Bb3 Nb6 9. Nc3 g6 10. a4 b4 11. a5 Nbd7 12. Na2 Rb8 13. d4 Bg7 14. Bd2 O-O 15.
Nxb4 e5 16. Nc6 Qe8 17. O-O e4 18. Qe2 Rxb3 19. cxb3 Nxd5 20. Qxa6 Nb8 21. Nxb8
Qxb8 22. Qc4 1-0

[Event "41. Torneo Internacional de La Roda"]
[Site "La Roda ESP"]
[Date "2014.04.17"]
[Round "3.17"]
[White "Gertosio, Franck"]
[Black "Garcia, Jhoel"]
[Result "0-1"]
[WhiteElo "2205"]
[BlackElo "2367"]
[PlyCount "49"]
[EventDate "2014.04.16"]
[EventType "swiss"]
[EventRounds "9"]
[EventCountry "ESP"]
[Source "lmi"]
[SourceDate "2014.04.16"]

1. e4 c5 2. Nf3 Nc6 3. Bb5 g6 4. O-O Bg7 5. Re1 Nh6 6. c3 a6 7. Bf1 d5 8. d3
O-O 9. h3 e5 10. Nbd2 d4 11. Nc4 f6 12. Qb3 Nf7 13. Qb6 Qxb6 14. Nxb6 Rb8 15.
cxd4 cxd4 16. Bd2 Be6 17. b4 Rfd8 18. a4 Bh6 19. b5 Bxd2 20. Nxd2 Na5 21. Rec1
Rd6 22. Nbc4 Nxc4 23. dxc4 axb5 24. c5 Rdd8 25. axb5 0-1

[Event "41. Torneo Internacional de La Roda"]
[Site "La Roda ESP"]
[Date "2014.04.17"]
[Round "3.18"]
[White "Aguera Naredo, Javier"]
[Black "Rubio Tent, Francisco"]
[Result "1-0"]
[WhiteElo "2362"]
[BlackElo "2185"]
[PlyCount "83"]
[EventDate "2014.04.16"]
[EventType "swiss"]
[EventRounds "9"]
[EventCountry "ESP"]
[Source "lmi"]
[SourceDate "2014.04.16"]

1. e4 c6 2. d4 d5 3. Nd2 dxe4 4. Nxe4 Bf5 5. Ng3 Bg6 6. h4 h6 7. Nf3 Nd7 8. h5
Bh7 9. Bd3 Bxd3 10. Qxd3 e6 11. Bd2 Ngf6 12. O-O-O Be7 13. Kb1 O-O 14. Qe2 c5
15. Rhe1 Qb6 16. c3 a5 17. Ne5 Rfd8 18. dxc5 Bxc5 19. Nd3 a4 20. Nxc5 Nxc5 21.
Be3 Qc6 22. Bd4 Ncd7 23. a3 Re8 24. f4 Nd5 25. Qf3 Ra5 26. c4 N5f6 27. Ne4 Nxe4
28. Rxe4 f5 29. Re2 Re7 30. Qg3 Nf8 31. Qc3 Ra8 32. Be5 Rc8 33. Rd4 Nd7 34. Bd6
Ree8 35. Qg3 Nf6 36. Be5 Ng4 37. Bd6 Rcd8 38. Red2 Rd7 39. Qf3 Qa6 40. c5 Qa5
41. c6 bxc6 42. Bb4 1-0

[Event "41. Torneo Internacional de La Roda"]
[Site "La Roda ESP"]
[Date "2014.04.17"]
[Round "3.19"]
[White "Moreno Ibanez, Miguel"]
[Black "Camarena Gimenez, Rufino"]
[Result "1-0"]
[WhiteElo "2180"]
[BlackElo "2359"]
[PlyCount "135"]
[EventDate "2014.04.16"]
[EventType "swiss"]
[EventRounds "9"]
[EventCountry "ESP"]
[Source "lmi"]
[SourceDate "2014.04.16"]

1. e4 e6 2. d4 d5 3. Nd2 c5 4. Ngf3 Nc6 5. dxc5 Bxc5 6. Bd3 Nf6 7. O-O O-O 8.
Qe2 Qc7 9. e5 Ng4 10. Nb3 Bb6 11. Bf4 f6 12. Bg3 Ngxe5 13. Nxe5 fxe5 14. Bb5
Qf7 15. Bxc6 bxc6 16. Bxe5 a5 17. Nd2 Ba6 18. c4 a4 19. b3 axb3 20. axb3 Bb7
21. Nf3 Rxa1 22. Bxa1 Bc8 23. Ne5 Qa7 24. Bc3 Qb7 25. Qg4 c5 26. Re1 d4 27. Bd2
Bd8 28. Qg3 Bc7 29. Bf4 Ba5 30. Rf1 Kh8 31. Ng4 Qe4 32. Bd6 Rf5 33. h4 Bd2 34.
Ra1 h5 35. Ne5 Be1 36. Nd3 Bd2 37. Ra7 Bb7 38. Be5 Bh6 39. Ra1 Kh7 40. Re1 Qc6
41. f3 Qb6 42. Nf4 Qc6 43. Qg6+ Kg8 44. Nxh5 Rxh5 45. Qxh5 d3 46. Qg4 d2 47.
Rd1 Qd7 48. Qg6 Be3+ 49. Kh2 Qe7 50. Kh3 Bc6 51. Bxg7 Be8 52. Qf6 Qxf6 53. Bxf6
Bg6 54. Bg5 Bc2 55. Bxe3 Bxd1 56. Bxd2 Bxb3 57. Be3 Bxc4 58. Bxc5 Bf1 59. Kg3
Kf7 60. Bd4 Kg6 61. Kf2 Bc4 62. g4 Bb3 63. Kg3 Bd1 64. Kf4 Kf7 65. h5 Be2 66.
g5 Bd3 67. g6+ Ke7 68. Kg5 1-0

[Event "41. Torneo Internacional de La Roda"]
[Site "La Roda ESP"]
[Date "2014.04.17"]
[Round "3.20"]
[White "Buscara, Sevan"]
[Black "Perez Garcia, Roberto"]
[Result "1-0"]
[WhiteElo "2345"]
[BlackElo "2178"]
[PlyCount "63"]
[EventDate "2014.04.16"]
[EventType "swiss"]
[EventRounds "9"]
[EventCountry "ESP"]
[Source "lmi"]
[SourceDate "2014.04.16"]

1. d4 d6 2. Nf3 g6 3. Bf4 Bg7 4. e3 Nf6 5. Be2 O-O 6. O-O c5 7. c3 Be6 8. Nbd2
Qb6 9. Ng5 Bd7 10. Nc4 Qc7 11. h3 h6 12. Nf3 Be6 13. Ncd2 Qb6 14. e4 cxd4 15.
cxd4 d5 16. e5 Ne4 17. Bd3 g5 18. Be3 Bf5 19. Qb1 Qg6 20. Nxe4 dxe4 21. Bc2 f6
22. g4 exf3 23. Bxf5 Qe8 24. e6 Nc6 25. Qe4 Qd8 26. Rad1 Qd6 27. Qxf3 Rfd8 28.
Be4 Rac8 29. Qf5 Nb4 30. d5 Qe5 31. Qh7+ Kf8 32. Bg6 1-0

[Event "41. Torneo Internacional de La Roda"]
[Site "La Roda ESP"]
[Date "2014.04.18"]
[Round "4.1"]
[White "Peralta, Fernando"]
[Black "Ramiro Ovejero, Juan Luis"]
[Result "1-0"]
[WhiteElo "2615"]
[BlackElo "2382"]
[PlyCount "87"]
[EventDate "2014.04.16"]
[EventType "swiss"]
[EventRounds "9"]
[EventCountry "ESP"]
[Source "lmi"]
[SourceDate "2014.04.16"]

1. d4 d5 2. Nf3 Nf6 3. c4 dxc4 4. e3 Bg4 5. Bxc4 e6 6. Nc3 Nbd7 7. O-O Bb4 8.
Qb3 Qe7 9. a3 Bxc3 10. bxc3 Bxf3 11. gxf3 Rb8 12. a4 O-O 13. Kh1 e5 14. Rg1 e4
15. f4 Ne8 16. Be2 Nd6 17. Ba3 b6 18. Rg5 h6 19. Rg2 Kh7 20. Rag1 Rg8 21. Qd5
Nf6 22. Qc6 Qd7 23. Qxd7 Nxd7 24. c4 Nf6 25. Rc1 Nf5 26. Rgg1 c5 27. dxc5 bxc5
28. Rb1 Rgd8 29. Kg2 Nh4+ 30. Kg3 Nf5+ 31. Kh3 Rb6 32. Bxc5 Rxb1 33. Rxb1 Rd2
34. Re1 g5 35. fxg5 hxg5 36. Bxa7 g4+ 37. Bxg4 Nxg4 38. Kxg4 Rxf2 39. Bb8 Rf3
40. Bf4 Kg6 41. a5 Ne7 42. a6 f5+ 43. Kh4 Kf7 44. a7 1-0

[Event "41. Torneo Internacional de La Roda"]
[Site "La Roda ESP"]
[Date "2014.04.18"]
[Round "4.2"]
[White "Rubio Mejia, Luis Ignacio"]
[Black "Perez Candelario, Manuel"]
[Result "0-1"]
[WhiteElo "2457"]
[BlackElo "2561"]
[PlyCount "78"]
[EventDate "2014.04.16"]
[EventType "swiss"]
[EventRounds "9"]
[EventCountry "ESP"]
[Source "lmi"]
[SourceDate "2014.04.16"]

1. d4 Nf6 2. c4 g6 3. Nc3 Bg7 4. e4 d6 5. Nf3 O-O 6. Be2 Na6 7. O-O e5 8. Be3
c6 9. d5 Ng4 10. Bg5 f6 11. Bh4 c5 12. Ne1 h5 13. h3 Nh6 14. g4 hxg4 15. hxg4
Nf7 16. Nd3 Bh6 17. Kg2 Kg7 18. a3 Bd7 19. Rh1 Rh8 20. Qb3 Qc8 21. f3 Nc7 22.
Bf2 Rb8 23. a4 b6 24. Qa3 a5 25. Nb5 Qb7 26. Rh2 Bf4 27. Rxh8 Rxh8 28. Nxf4
exf4 29. Qc3 Na6 30. Nxd6 Nxd6 31. e5 Ne8 32. exf6+ Kf7 33. Bd3 Qb8 34. Re1
Nxf6 35. g5 Nh5 36. Bxg6+ Kxg6 37. Qc2+ Kxg5 38. Re7 Qd6 39. Qe2 Bf5 0-1

[Event "41. Torneo Internacional de La Roda"]
[Site "La Roda ESP"]
[Date "2014.04.18"]
[Round "4.3"]
[White "Burmakin, Vladimir"]
[Black "Aguera Naredo, Javier"]
[Result "1-0"]
[WhiteElo "2561"]
[BlackElo "2362"]
[PlyCount "101"]
[EventDate "2014.04.16"]
[EventType "swiss"]
[EventRounds "9"]
[EventCountry "ESP"]
[Source "lmi"]
[SourceDate "2014.04.16"]

1. d4 g6 2. Nf3 Bg7 3. Bf4 Nf6 4. e3 O-O 5. Be2 d6 6. h3 c5 7. c3 Be6 8. O-O
Qb6 9. Qd2 Nc6 10. Na3 Rac8 11. Ng5 Bf5 12. d5 Nb8 13. g4 Bd7 14. Nc4 Qd8 15.
a4 Na6 16. Qd3 Nc7 17. e4 a6 18. a5 Bb5 19. Bg3 Nd7 20. Nf3 Ne5 21. Nfxe5 dxe5
22. Qe3 Bxc4 23. Bxc4 Ne8 24. f4 Nd6 25. Bd3 exf4 26. Bxf4 Nb5 27. Rfd1 f6 28.
Bxb5 axb5 29. a6 bxa6 30. Rxa6 e5 31. Bh6 Ra8 32. Rda1 Rxa6 33. Rxa6 Bxh6 34.
Qxh6 Rf7 35. Qe3 f5 36. exf5 Qxd5 37. fxg6 Qd1+ 38. Kg2 Qc2+ 39. Kg3 hxg6 40.
Re6 Rd7 41. Qxe5 Qd3+ 42. Kh4 Rh7+ 43. Kg5 Qd2+ 44. Qe3 Qd8+ 45. Kxg6 Rg7+ 46.
Kh5 Kf7 47. Qe5 b4 48. Rh6 Qd7 49. cxb4 cxb4 50. Qf6+ Kg8 51. Qe6+ 1-0

[Event "41. Torneo Internacional de La Roda"]
[Site "La Roda ESP"]
[Date "2014.04.18"]
[Round "4.4"]
[White "Dias, Paulo"]
[Black "Matamoros Franco, Carlos S"]
[Result "1/2-1/2"]
[WhiteElo "2401"]
[BlackElo "2537"]
[PlyCount "125"]
[EventDate "2014.04.16"]
[EventType "swiss"]
[EventRounds "9"]
[EventCountry "ESP"]
[Source "lmi"]
[SourceDate "2014.04.16"]

1. d4 e6 2. c4 Bb4+ 3. Bd2 a5 4. e3 Nf6 5. Bd3 O-O 6. Nf3 b6 7. O-O Bb7 8. Nc3
d6 9. a3 Bxc3 10. Bxc3 Ne4 11. Be2 c5 12. Nd2 Nxd2 13. Bxd2 Nd7 14. Bc3 cxd4
15. exd4 d5 16. cxd5 Bxd5 17. Re1 Qg5 18. Bf1 Nf6 19. Qd2 Qxd2 20. Bxd2 Bb7 21.
Rac1 Ba6 22. Rc6 Nd5 23. Rec1 h6 24. g3 Bxf1 25. Kxf1 Rfd8 26. Ke2 Rab8 27. Be3
Kf8 28. h4 h5 29. f3 Ke7 30. Kd3 Kd7 31. Bf4 Rbc8 32. Rxc8 Rxc8 33. Rg1 Nxf4+
34. gxf4 g6 35. a4 Rc6 36. Rb1 Rd6 37. Ke4 Rd5 38. Rc1 Rd6 39. Rb1 Rc6 40. Kd3
Ke7 41. b4 axb4 42. Rxb4 Kf6 43. Ke4 Rc1 44. Rxb6 Re1+ 45. Kd3 Kf5 46. Rb7 f6
47. Rb2 Kxf4 48. Ra2 Rc1 49. Ke2 Kg3 50. a5 Rc7 51. a6 Ra7 52. Ra4 f5 53. Ke3
f4+ 54. Ke4 Kxh4 55. Kxf4 g5+ 56. Ke5 g4 57. fxg4 hxg4 58. Kxe6 g3 59. d5+ Kh3
60. Ra3 Kh2 61. d6 g2 62. Ra2 Rxa6 63. Rxg2+ 1/2-1/2

[Event "41. Torneo Internacional de La Roda"]
[Site "La Roda ESP"]
[Date "2014.04.18"]
[Round "4.5"]
[White "Strikovic, Aleksa"]
[Black "Buscara, Sevan"]
[Result "0-1"]
[WhiteElo "2533"]
[BlackElo "2345"]
[PlyCount "30"]
[EventDate "2014.04.16"]
[EventType "swiss"]
[EventRounds "9"]
[EventCountry "ESP"]
[Source "lmi"]
[SourceDate "2014.04.16"]

1. c4 g6 2. Nc3 Bg7 3. d4 c5 4. d5 d6 5. e4 e6 6. Nf3 Ne7 7. h4 h6 8. Be2 a6 9.
Nd2 O-O 10. g4 b5 11. cxb5 exd5 12. exd5 axb5 13. Bxb5 Na6 14. g5 h5 15. Nde4
Nf5 0-1

[Event "41. Torneo Internacional de La Roda"]
[Site "La Roda ESP"]
[Date "2014.04.18"]
[Round "4.6"]
[White "Del Rio De Angelis, Salvador G"]
[Black "Navarro Ortiz De Orruno, Borja"]
[Result "1/2-1/2"]
[WhiteElo "2507"]
[BlackElo "2342"]
[PlyCount "61"]
[EventDate "2014.04.16"]
[EventType "swiss"]
[EventRounds "9"]
[EventCountry "ESP"]
[Source "lmi"]
[SourceDate "2014.04.16"]

1. d4 d5 2. c4 c6 3. Nf3 Nf6 4. e3 Bf5 5. Nc3 a6 6. Bd2 h6 7. Qb3 Ra7 8. a4 e6
9. a5 Nbd7 10. Be2 Bd6 11. O-O Ne4 12. Be1 Bc7 13. cxd5 exd5 14. Nxe4 Bxe4 15.
Bb4 Qb8 16. g3 Bd6 17. Nd2 O-O 18. Nxe4 dxe4 19. f3 Bxb4 20. Qxb4 Qe8 21. Ra3
exf3 22. Bxf3 Qe6 23. Bg2 Rb8 24. Rc3 Raa8 25. e4 Nf6 26. Qb3 Qd7 27. Rd1 Rd8
28. e5 Nd5 29. Bxd5 cxd5 30. Rdc1 Rac8 31. Rxc8 1/2-1/2

[Event "41. Torneo Internacional de La Roda"]
[Site "La Roda ESP"]
[Date "2014.04.18"]
[Round "4.7"]
[White "Garcia, Jhoel"]
[Black "Forcen Esteban, Daniel"]
[Result "0-1"]
[WhiteElo "2367"]
[BlackElo "2498"]
[PlyCount "76"]
[EventDate "2014.04.16"]
[EventType "swiss"]
[EventRounds "9"]
[EventCountry "ESP"]
[Source "lmi"]
[SourceDate "2014.04.16"]

1. c4 g6 2. Nc3 Bg7 3. Nf3 d6 4. e4 Nf6 5. d4 O-O 6. Be2 e5 7. d5 a5 8. Be3 Ng4
9. Bg5 f6 10. Bc1 Nh6 11. O-O Na6 12. a3 Nc5 13. Be3 Ng4 14. Bxc5 dxc5 15. Ne1
Nh6 16. Nd3 Qe7 17. Na4 b6 18. b4 f5 19. Bf3 cxb4 20. axb4 g5 21. exf5 e4 22.
d6 cxd6 23. Re1 Bxf5 24. Nxb6 Bxa1 25. Qxa1 Qg7 26. Qxg7+ Kxg7 27. Nxa8 exf3
28. Nc7 Bxd3 29. Ne6+ Kg8 30. Nxf8 axb4 31. Rd1 Bc2 32. Rxd6 Kxf8 33. gxf3 b3
34. Rb6 Nf7 35. Kf1 Ne5 36. Rb8+ Ke7 37. c5 Nc4 38. Rb7+ Kd8 0-1

[Event "41. Torneo Internacional de La Roda"]
[Site "La Roda ESP"]
[Date "2014.04.18"]
[Round "4.8"]
[White "Cruz Lledo, Pablo"]
[Black "Plaskett, H James"]
[Result "0-1"]
[WhiteElo "2339"]
[BlackElo "2496"]
[PlyCount "60"]
[EventDate "2014.04.16"]
[EventType "swiss"]
[EventRounds "9"]
[EventCountry "ESP"]
[Source "lmi"]
[SourceDate "2014.04.16"]

1. d4 Nf6 2. c4 e6 3. Nc3 Bb4 4. Nf3 b6 5. Bg5 Bb7 6. Nd2 h6 7. Bh4 Bxc3 8.
bxc3 d6 9. f3 Qe7 10. e4 Nbd7 11. Bd3 g5 12. Bf2 Nh5 13. Nf1 f5 14. exf5 exf5+
15. Kd2 Nf4 16. Bxf5 Nxg2 17. Bg6+ Kd8 18. Ne3 Qf6 19. Bh5 Nf4 20. Bg4 h5 21.
Bf5 Re8 22. Qa4 Qxf5 23. Nxf5 Re2+ 24. Kd1 Bxf3 25. Nh4 gxh4 26. Bxh4+ Kc8 27.
Qa6+ Kb8 28. c5 Rxa2+ 29. Ke1 Rxa6 30. Rxa6 Bxh1 0-1

[Event "41. Torneo Internacional de La Roda"]
[Site "La Roda ESP"]
[Date "2014.04.18"]
[Round "4.9"]
[White "Arribas Lopez, Angel"]
[Black "Lillo Castany, Victor"]
[Result "1-0"]
[WhiteElo "2476"]
[BlackElo "2303"]
[PlyCount "81"]
[EventDate "2014.04.16"]
[EventType "swiss"]
[EventRounds "9"]
[EventCountry "ESP"]
[Source "lmi"]
[SourceDate "2014.04.16"]

1. c4 e5 2. g3 Nf6 3. Bg2 d5 4. cxd5 Nxd5 5. Nc3 Nb6 6. Nf3 Nc6 7. O-O Be7 8.
a3 O-O 9. b4 Be6 10. d3 f6 11. Bb2 a5 12. b5 Nd4 13. Nxd4 exd4 14. Na4 Rb8 15.
Rc1 Rf7 16. Qc2 Bf8 17. Nc5 Bxc5 18. Qxc5 Rd7 19. Ba1 Qe8 20. Bxd4 Na4 21. Qa7
Qd8 22. Be3 b6 23. Bf4 Rc8 24. Rc6 Bf7 25. Bh3 Ra8 26. Qxa8 Qxa8 27. Bxd7 Nc5
28. Rxc7 Nxd7 29. Rxd7 Qe8 30. Rb7 Qxe2 31. Rc1 g5 32. Be3 Be6 33. Rxb6 Bh3 34.
Rxf6 Qxd3 35. Rh6 Bf5 36. Rh5 Qxa3 37. Rxg5+ Bg6 38. b6 Qb2 39. Rxa5 Be4 40.
Ra4 Bd5 41. Ra7 1-0